00781cam a22002651 4500001001300000003000400013005001700017008004100034010001700075020001100092035002000103040001800123042001200141050001600153100002700169245010800196250001700304260005900321300001900380490003600399500001500435650002100450700002700471999001700498sa 68020058 DLC20260227112722.0930224s1967 ii 000 0 sndo  asa 68020058  cRs1.25 a(OCoLC)28001670 aDLCcICUdDLC apremarc00aBJ1597b.S51 aSharma, Vishnu,d1894-10aAmriti varkhā /cLekhaku Vishnū Nīyanāram Sharma ; Sangharah Khandaṛ Arjandās Bi. Tharvani. aChāpū 1. aBambaʼī :bIk̲h̲lāqī Sāhitya Mandal,c1967. a120 p.c19 cm.0 aIk̲h̲lāqī Mālhā ;v19 aIn Sindhi. 0aConduct of life.1 aTharvani, Arjandasu B. c89226d89226